Discursos parlamentarios / (Record no. 158372)

MARC details
000 -LEADER
campo de control de longitud fija 00824nam a2200217 i 4500
001 - NÚMERO DE CONTROL
campo de control 158372
003 - IDENTIFICADOR DE NÚMERO DE CONTROL
campo de control ES-MaACL
005 - FECHA Y HORA DE LA ÚLTIMA TRANSACCIÓN
campo de control 20250905155428.0
008 - DATOS DE LONGITUD FIJA--INFORMACIÓN GENERAL
campo de control de longitud fija 950111s1885 sp |||| | spa d
040 ## - FUENTE DE CATALOGACIÓN
Centro catalogador/agencia de origen CARM
Lengua de catalogación spa
100 0# - ENTRADA PRINCIPAL--NOMBRE DE PERSONA
Nombre de persona Macaulay, Thomas Babington Macaulay
Títulos y otros términos asociados al nombre Baron.
9 (RLIN) 75067
245 10 - MENCIÓN DEL TÍTULO
Título Discursos parlamentarios /
Mención de responsabilidad, etc. de Lord Macauly ; traducidos del inglés por Daniel López.
260 ## - PUBLICACIÓN, DISTRIBUCIÓN, ETC.
Lugar de publicación, distribución, etc. Madrid :
Nombre del editor, distribuidor, etc. Luis Navarro, ed.,
Fecha de publicación, distribución, etc. 1885 (
Fabricante Imprenta central y estereotipia a cargo de V. Saiz)
300 ## - DESCRIPCIÓN FÍSICA
Extensión LIV, 305 p. ;
Dimensiones 18 cm.
490 1# - MENCIÓN DE SERIE
Mención de serie Biblioteca Clásica ;
Designación de volumen o secuencia 78
651 #4 - PUNTO DE ACCESO ADICIONAL DE MATERIA--NOMBRE GEOGRÁFICO
Nombre geográfico Gran Bretaña-
Subdivisión general Historia-
Subdivisión cronológica 1837-1901, Victoria.
9 (RLIN) 144250
700 1# - ENTRADA AGREGADA--NOMBRE PERSONAL
Nombre de persona López, Daniel,
Fechas asociadas al nombre 1859-1933
9 (RLIN) 162244
830 0# - PUNTO DE ACCESO ADICIONAL DE SERIE-TÍTULO UNIFORME
Título uniforme Biblioteca Clásica ;
Designación de volumen o secuencia 78
9 (RLIN) 180370
852 ## - LOCALIZACIÓN
Ubicación ES-MaACL
Número de control de estantería F-13131
Nota libre -- Enc. tela
Holdings
Estatus retirado Estado de pérdida Estado de daño No para préstamo Colección Biblioteca de origen Biblioteca actual Ubicación en estantería Fecha de adquisición Fuente de adquisición Total de préstamos Signatura topográfica completa Código de barras Visto por última vez Precio de reemplazo Tipo de ítem Koha
        Libros del s. XIX Biblioteca del Ateneo de Madrid Biblioteca del Ateneo de Madrid Sala Pecera Planta 2 17/01/2008     F-13131 1165755 23/02/2023 23/02/2023 Libro impreso antiguo